[Event "IECC M email"]
[Site "IECC email"]
[Date "2002.01.29"]
[Round "?"]
[White "Decroos, Marc"]
[Black "Koolsbergen, Nico"]
[Result "1-0"]
[WhiteElo "1930"]
[BlackElo "1917"]
[PlyCount "69"]
[EventDate "2002.??.??"]
[EventType "tourn (corr)"]
[EventRounds "6"]
[SourceTitle "Corr 2008"]
[Source "ChessBase"]
[SourceDate "2008.06.24"]
[SourceVersion "1"]
[SourceVersionDate "2008.06.24"]
[SourceQuality "1"]

1. e4 e6 2. d4 d5 3. e5 c5 4. Nf3 Nc6 5. c3 Qb6 6. a3 c4 7. Nbd2 f6 8. Be2 fxe5 9. Nxe5 Nxe5 10. dxe5 Bc5 11. 0-0 Ne7 12. b4 cxb3 13. Nxb3 0-0 14. Nxc5 Qxc5 15. Qd3 Qc7 16. f4 b6 17. a4 Nf5 18. g4 Ne7 19. Ba3 Rf7 20. Bd6 Qd8 21. Qh3 Bb7 22. Rab1 Qd7 23. a5 bxa5 24. f5 exf5 25. gxf5 Nxf5 26. Rxb7 Qxb7 27. Rxf5 Qb1+ 28. Rf1 Rxf1+ 29. Qxf1 Qb6+ 30. Kh1 Qc6 31. c4 Rc8 32. c5 Qa4 33. Bd3 Re8 34. e6 Kh8 35. e7 1-0